| 000 | 01025cab a22001935a 4500 | ||
|---|---|---|---|
| 001 | L140547 | ||
| 008 | 070927s2007 xxkd f s 000 0 eng d | ||
| 035 | _a(Sirsi) u140547 | ||
| 041 | 0 | _aeng | |
| 100 | 1 | _aHarvey, Brad | |
| 245 | 0 | 0 | _aInternational hotels |
| 260 | _c2007 | ||
| 490 | 0 |
_aJournal of Retail and Leisure Property _v6(3) 188-193(5) |
|
| 520 | _aDiscusses developments in the global hotel market in 2006. Reports that the world's emerging markets are generating increased travellers year on year. Finds that China, India and the Gulf States represent the largest growth opportunities for the industry. Suggests that future hotel innovation should meet the diverse needs of different age groups by branding and developing a more diverse workforce. Predicts that the need for many branded hotel rooms within the great emerging markets will grow. | ||
| 590 | _aka | ||
| 651 | 4 | _aInternational | |
| 690 | _aPROPERTY-COMMERCIAL PROPERTY-LEISURE PROPERTY-HOLIDAY AND GUEST PROPERTY-HOTEL PROPERTY | ||
| 942 | _n0 | ||
| 999 |
_c79301 _d79301 |
||